| 000 | 00774nam a2200205 a 4500 | ||
|---|---|---|---|
| 001 | 000034016 | ||
| 005 | 20200930070714.0 | ||
| 008 | 110921s1991 es 000 0 spa d | ||
| 020 | _a8449307589 | ||
| 040 |
_aDO-SdBNP _bspa _cBNPHU |
||
| 100 | 1 |
_aSchwebel, Robert _959463 |
|
| 245 | 1 | 0 |
_aCómo tratar con sus hijos el tema del alcohol y de las drogas : _b:decir "no" no es suficiente / _cRobert Schwebel ; traductor Susana Bauer. |
| 260 |
_aBarcelona : _bPaidós, _c1991. |
||
| 300 |
_a303 p. ; _c22 cm. |
||
| 490 | 1 |
_aGuías para Padres ; _v45 |
|
| 534 |
_aTítito original _kSaying no is not enough : raising children who make wise decisions about drugs and alcohol |
||
| 700 | 1 |
_aBauer, Susana _etr. _959464 |
|
| 830 | 0 |
_aGuías para Padres ; _v45 _959465 |
|
| 049 | _aBNPD | ||
| 999 |
_c33507 _d33507 |
||